[Event "MPJ C16"]
[Site "?"]
[Date "2016.03.20"]
[Round "9.1"]
[White "Janik, Igor"]
[Black "Gumularz, Szymon"]
[Result "1-0"]
[LiveChessVersion "1.4.8"]
[BlackElo "2287"]
[WhiteElo "2305"]

1. e4 {[%clk 1:30:51]} c5 {[%clk 1:30:55]} 2. Nf3 {[%clk 1:30:47]} d6
{[%clk 1:31:08]} 3. Bb5+ {[%clk 1:31:00]} Nd7 {[%clk 1:31:13]} 4. O-O
{[%clk 1:31:15]} a6 {[%clk 1:30:55]} 5. Bd3 {[%clk 1:31:31]} Ngf6
{[%clk 1:26:12]} 6. c3 {[%clk 1:31:45]} b5 {[%clk 1:22:39]} 7. Bc2
{[%clk 1:32:04]} Bb7 {[%clk 1:22:56]} 8. Re1 {[%clk 1:32:30]} e6 {[%clk 1:22:24]}
9. d4 {[%clk 1:32:30]} Be7 {[%clk 1:22:34]} 10. Nbd2 {[%clk 1:32:44]} O-O
{[%clk 1:22:29]} 11. Nf1 {[%clk 1:32:38]} Rc8 {[%clk 1:18:34]} 12. Ng3
{[%clk 1:21:24]} Re8 13. Be3 {[%clk 1:21:24]} Qc7 {[%clk 1:12:16]} 14. Rc1
{[%clk 1:20:54]} Qb8 {[%clk 1:12:16]} 15. Qd2 {[%clk 1:16:58]} Bf8
{[%clk 1:09:01]} 16. Bg5 {[%clk 1:08:34]} e5 {[%clk 0:54:11]} 17. d5
{[%clk 1:06:43]} h6 {[%clk 0:52:00]} 18. Be3 {[%clk 1:04:17]} c4 {[%clk 0:36:22]}
19. h3 {[%clk 1:02:27]} Kh7 {[%clk 0:35:04]} 20. Nh2 {[%clk 0:58:05]} g6
{[%clk 0:28:59]} 21. Ng4 {[%clk 0:57:52]} Ng8 {[%clk 0:28:09]} 22. f4
{[%clk 0:54:01]} h5 {[%clk 0:25:50]} 23. Nh2 {[%clk 0:53:52]} exf4
{[%clk 0:23:27]} 24. Bxf4 {[%clk 0:54:14]} Ne5 {[%clk 0:22:55]} 25. Rf1
{[%clk 0:51:08]} Qc7 {[%clk 0:19:15]} 26. Qf2 {[%clk 0:50:00]} Nh6
{[%clk 0:13:41]} 27. Nf3 {[%clk 0:49:16]} Bg7 {[%clk 0:10:46]} 28. Rce1
{[%clk 0:46:47]} Nxf3+ {[%clk 0:08:59]} 29. Qxf3 {[%clk 0:46:32]} Be5
{[%clk 0:09:08]} 30. Nxh5 Bxf4 {[%clk 0:03:44]} 31. Nxf4 {[%clk 0:40:47]} Re5 32.
Re2 {[%clk 0:39:34]} Rce8 {[%clk 0:03:58]} 33. Ref2 {[%clk 0:39:14]} Qe7
{[%clk 0:03:52]} 34. Rd1 {[%clk 0:35:31]} Kg7 {[%clk 0:03:36]} 35. Ne2
{[%clk 0:35:18]} Ng8 {[%clk 0:02:10]} 36. Nd4 {[%clk 0:34:36]} Qd7
{[%clk 0:02:21]} 37. Rdf1 {[%clk 0:34:01]} R8e7 {[%clk 0:01:45]} 38. Qg3
{[%clk 0:33:13]} Kh7 {[%clk 0:00:49]} 39. Rf4 {[%clk 1:01:49]} f6
{[%clk 0:31:15]} 40. Rh4+ {[%clk 0:59:54]} Kg7 41. Nf5+ {[%clk 1:00:23]} Rxf5
{[%clk 0:31:32]} 42. Rxf5 {[%clk 0:59:33]} Rf7 {[%clk 0:30:39]} 43. Rfh5
{[%clk 0:59:52]} g5 {[%clk 0:31:04]} 44. Rh7+ {[%clk 1:00:16]} Kf8
{[%clk 0:31:30]} 45. Rxf7+ {[%clk 1:00:38]} Qxf7 {[%clk 0:31:55]} 46. Qxd6+
{[%clk 1:00:51]} Kg7 {[%clk 0:31:50]} 47. Rg4 1-0

[Event "MPJ C16"]
[Site "?"]
[Date "2016.03.20"]
[Round "9.2"]
[White "Garbowski, Jakub"]
[Black "Szustakowski, Antoni"]
[Result "1/2-1/2"]
[LiveChessVersion "1.4.8"]
[BlackElo "1957"]
[WhiteElo "1994"]

1. e4 {[%clk 1:30:58]} e6 {[%clk 1:30:53]} 2. d4 {[%clk 1:31:21]} d5
{[%clk 1:31:15]} 3. Nd2 {[%clk 1:31:42]} Nf6 {[%clk 1:31:40]} 4. e5
{[%clk 1:32:02]} Nfd7 {[%clk 1:32:03]} 5. Bd3 {[%clk 1:32:22]} c5
{[%clk 1:32:24]} 6. c3 {[%clk 1:32:44]} Nc6 {[%clk 1:32:50]} 7. Ne2
{[%clk 1:33:06]} cxd4 {[%clk 1:33:12]} 8. cxd4 {[%clk 1:33:25]} f6
{[%clk 1:33:39]} 9. exf6 {[%clk 1:33:42]} Nxf6 {[%clk 1:34:02]} 10. O-O
{[%clk 1:34:01]} Bd6 {[%clk 1:34:27]} 11. Nf3 {[%clk 1:34:23]} Qc7
{[%clk 1:34:51]} 12. Bg5 {[%clk 1:34:39]} O-O {[%clk 1:35:15]} 13. Bh4
{[%clk 1:34:52]} Nh5 {[%clk 1:35:40]} 14. Qc2 {[%clk 1:35:12]} h6
{[%clk 1:36:04]} 15. Bh7+ {[%clk 1:35:33]} Kh8 {[%clk 1:36:33]} 16. Bg6
{[%clk 1:35:55]} Rxf3 {[%clk 1:36:59]} 17. Bxh5 {[%clk 1:36:19]} Rf8
{[%clk 1:37:24]} 18. Bg3 {[%clk 1:34:43]} Bd7 {[%clk 1:37:53]} 19. Rad1
{[%clk 1:32:02]} Rf6 {[%clk 1:38:13]} 20. Nc3 {[%clk 1:25:32]} Bxg3
{[%clk 1:36:32]} 21. hxg3 {[%clk 1:25:31]} Be8 {[%clk 1:35:11]} 22. Bxe8
{[%clk 1:20:25]} Rxe8 {[%clk 1:35:33]} 23. Rfe1 {[%clk 1:18:08]} Ref8
{[%clk 1:33:32]} 24. Re2 {[%clk 1:16:25]} Qd6 {[%clk 1:21:57]} 25. Qd2
{[%clk 1:04:35]} Qb4 {[%clk 1:07:24]} 26. Qd3 Rc8 {[%clk 0:57:08]} 27. a3
{[%clk 0:51:10]} Qd6 {[%clk 0:57:24]} 28. Rde1 {[%clk 0:45:35]} a6
{[%clk 0:55:50]} 29. Re5 {[%clk 0:37:28]} Rcf8 {[%clk 0:54:13]} 30. R5e2
{[%clk 0:32:23]} Rc8 {[%clk 0:46:44]} 31. Nb1 {[%clk 0:21:15]} Re8
{[%clk 0:43:35]} 32. Re5 {[%clk 0:18:02]} Qf8 {[%clk 0:43:33]} 33. R5e2
{[%clk 0:18:21]} Qd6 {[%clk 0:44:02]} 34. Nc3 {[%clk 0:17:45]} Rc8 1/2-1/2

[Event "MPJ C16"]
[Site "?"]
[Date "2016.03.20"]
[Round "9.3"]
[White "Karpus, Michal"]
[Black "Koziol, Kamil"]
[Result "0-1"]
[LiveChessVersion "1.4.8"]
[BlackElo "2258"]
[WhiteElo "2221"]

1. e4 c5 2. Nf3 d6 3. d4 cxd4 4. Nxd4 Nf6 5. Nc3 Nc6 6. Be2 g6 7. Be3 Bg7 8. O-O
O-O 9. Nb3 b6 10. f4 Bb7 11. Bf3 Rc8 12. Qd2 Qc7 13. Nd5 Qb8 14. Rad1 Rfd8 15.
Nxf6+ Bxf6 16. c3 Qc7 17. Qf2 Bg7 18. Kh1 Nb8 19. f5 Nd7 20. fxg6 hxg6 21. Bg4
Rf8 22. Qh4 Bf6 23. Qh3 Rcd8 24. Nd4 Bxd4 25. cxd4 Nf6 26. Bh6 Rfe8 27. Rc1 Qb8
28. d5 Bc8 29. Bxc8 Rxc8 30. Qf3 Rxc1 31. Bxc1 Qc8 32. h3 Qc2 33. Bg5 Qxb2 34.
Bxf6 Qxf6 35. Qxf6 exf6 36. Rxf6 Rxe4 37. Rxd6 Ra4 38. Rd7 Rxa2 39. Rb7 Kg7 40.
Kh2 Kf6 41. Kg3 Ke5 42. Rxf7 Kxd5 43. Kf3 b5 44. Ke3 a5 45. g4 Rh2 46. Rf6 a4 47.
Rxg6 a3 48. Kd3 Rxh3+ 49. Kc2 Kc4 50. Rc6+ Kb4 51. Rf6 Rh2+ 52. Kb1 a2+ 53. Ka1
Ka3 54. Rf3+ Ka4 55. g5 b4 56. g6 b3 57. g7 Rh1+ 0-1

[Event "MPJ C16"]
[Site "?"]
[Date "2016.03.20"]
[Round "9.4"]
[White "Klementowski, Dawid"]
[Black "Grela, Kacper"]
[Result "0-1"]
[LiveChessVersion "1.4.8"]
[BlackElo "2296"]
[WhiteElo "1904"]

1. Nf3 Nf6 2. g3 g6 3. Bg2 Bg7 4. d4 O-O 5. c4 d6 6. Nc3 Nc6 7. O-O a6 8. b3 Rb8
9. Nd5 Nd7 10. Bb2 e6 11. Nf4 b5 12. Rc1 Ne7 13. Qd2 bxc4 14. Rxc4 Nb6 15. Rcc1
Bb7 16. Qc2 Rc8 17. Rfd1 Qe8 18. e3 Ned5 19. Nxd5 Nxd5 20. a3 f5 21. Ne1 Qf7 22.
Nd3 g5 23. Qd2 Qh5 24. f4 Rb8 25. b4 Rf6 26. Qf2 Rh6 27. Bf3 Nxf4 28. Bxh5 Nh3+
29. Kf1 Nxf2 30. Nxf2 Rxh5 31. Rxc7 Rxh2 32. Rdc1 Bd5 33. Rd7 h5 34. Rcc7 Bf8 35.
e4 fxe4 36. Bc1 a5 37. Be3 axb4 38. axb4 Rxb4 39. Kg1 Rb3 40. Kxh2 Rxe3 41. Rf7
Rf3 42. Rxf3 exf3 43. Rd7 Bg7 44. Rxd6 Bxd4 45. Kg1 h4 46. gxh4 g4 0-1

[Event "MPJ C16"]
[Site "?"]
[Date "2016.03.20"]
[Round "9.5"]
[White "Walter, Szymon"]
[Black "Chylewski, Patryk"]
[Result "1-0"]
[LiveChessVersion "1.4.8"]
[BlackElo "2087"]
[WhiteElo "2148"]

1. e4 {[%clk 1:30:53]} c5 {[%clk 1:30:56]} 2. Nf3 {[%clk 1:31:06]} d6
{[%clk 1:31:20]} 3. d4 {[%clk 1:31:22]} cxd4 {[%clk 1:31:45]} 4. Qxd4
{[%clk 1:31:42]} Nc6 {[%clk 1:32:07]} 5. Bb5 {[%clk 1:31:59]} Bd7
{[%clk 1:32:31]} 6. Bxc6 {[%clk 1:32:21]} Bxc6 {[%clk 1:32:56]} 7. c4
{[%clk 1:32:32]} Nf6 {[%clk 1:30:20]} 8. Nc3 {[%clk 1:32:50]} e6 {[%clk 1:30:00]}
9. O-O {[%clk 1:32:49]} Be7 {[%clk 1:30:23]} 10. Rd1 {[%clk 1:21:11]} a6
{[%clk 1:26:23]} 11. Qd3 {[%clk 1:15:16]} Qa5 {[%clk 1:15:07]} 12. Nd4
{[%clk 1:00:02]} O-O {[%clk 1:04:05]} 13. b3 {[%clk 0:52:31]} Rfd8
{[%clk 0:48:51]} 14. Bb2 {[%clk 0:49:01]} Qh5 {[%clk 0:46:52]} 15. Rd2
{[%clk 0:25:48]} Be8 {[%clk 0:40:55]} 16. a4 {[%clk 0:22:57]} Bf8
{[%clk 0:31:30]} 17. Re1 {[%clk 0:20:36]} Rab8 {[%clk 0:22:54]} 18. h3
{[%clk 0:19:32]} Qa5 {[%clk 0:22:20]} 19. Red1 {[%clk 0:17:59]} Nd7
{[%clk 0:20:55]} 20. Qg3 {[%clk 0:16:31]} Qh5 {[%clk 0:15:25]} 21. Ba3
{[%clk 0:15:33]} Nf6 {[%clk 0:14:07]} 22. Nf3 {[%clk 0:14:12]} Qa5
{[%clk 0:05:53]} 23. Rd3 {[%clk 0:04:15]} Bc6 {[%clk 0:05:53]} 24. Bxd6
{[%clk 0:02:31]} Nxe4 {[%clk 0:02:10]} 25. Nxe4 {[%clk 0:02:53]} Bxe4
{[%clk 0:02:36]} 26. Bc7 {[%clk 0:00:47]} Rxd3 {[%clk 0:02:38]} 27. Rxd3
{[%clk 0:01:03]} Qc5 {[%clk 0:01:35]} 28. Rd7 {[%clk 0:00:41]} Rc8
{[%clk 0:01:47]} 29. Ng5 {[%clk 0:00:36]} Bg6 {[%clk 0:02:07]} 30. Qf4
{[%clk 0:00:38]} Be7 {[%clk 0:01:46]} 31. Nf3 {[%clk 0:00:39]} Bf6
{[%clk 0:01:10]} 32. Be5 {[%clk 0:00:46]} Qc6 {[%clk 0:00:36]} 33. Qd4
{[%clk 0:01:06]} h6 {[%clk 0:00:40]} 34. Rd6 {[%clk 0:00:45]} Qc5
{[%clk 0:00:43]} 35. Bxf6 {[%clk 0:00:49]} gxf6 {[%clk 0:01:09]} 36. Qf4
{[%clk 0:00:32]} Kg7 {[%clk 0:01:00]} 37. Rd7 {[%clk 0:00:44]} Qc6
{[%clk 0:01:07]} 38. Qd4 {[%clk 0:00:42]} Bc2 {[%clk 0:00:47]} 39. Qg4+
{[%clk 0:00:34]} Bg6 {[%clk 0:01:06]} 40. Qd4 {[%clk 0:30:40]} Bc2
{[%clk 0:30:36]} 41. Nd2 {[%clk 0:12:56]} Rc7 {[%clk 0:10:13]} 42. Rd8
{[%clk 0:11:02]} e5 {[%clk 0:08:16]} 43. Qh4 {[%clk 0:07:56]} Bg6
{[%clk 0:07:43]} 44. Qg4 {[%clk 0:06:17]} h5 {[%clk 0:06:59]} 45. Qf3
{[%clk 0:05:25]} Qxf3 {[%clk 0:03:11]} 46. Nxf3 {[%clk 0:05:50]} Bf5
{[%clk 0:02:14]} 47. Kf1 {[%clk 0:04:36]} Be6 {[%clk 0:01:04]} 48. Nd2
{[%clk 0:04:10]} Rd7 {[%clk 0:00:59]} 49. Rxd7 {[%clk 0:04:27]} Bxd7
{[%clk 0:01:26]} 50. Ne4 {[%clk 0:03:19]} b6 {[%clk 0:01:15]} 51. Ke2
{[%clk 0:03:11]} f5 {[%clk 0:00:49]} 52. Nc3 {[%clk 0:03:12]} Bc6
{[%clk 0:01:04]} 53. f3 {[%clk 0:03:23]} Kf6 {[%clk 0:00:57]} 54. h4
{[%clk 0:03:28]} Ke6 {[%clk 0:00:55]} 55. Kd3 {[%clk 0:02:27]} a5
{[%clk 0:00:34]} 56. Ne2 {[%clk 0:00:58]} Kd6 {[%clk 0:00:38]} 57. Ng3
{[%clk 0:01:13]} f4 {[%clk 0:00:33]} 58. Nxh5 {[%clk 0:00:46]} Ke6
{[%clk 0:00:46]} 59. Ke2 {[%clk 0:00:42]} f5 {[%clk 0:00:34]} 60. g3
{[%clk 0:00:52]} fxg3 {[%clk 0:00:39]} 61. Nxg3 {[%clk 0:01:18]} f4
{[%clk 0:00:38]} 62. Nf1 {[%clk 0:01:11]} e4 {[%clk 0:00:48]} 63. fxe4
{[%clk 0:00:38]} Bxe4 {[%clk 0:01:15]} 64. Nd2 {[%clk 0:00:57]} Bg6
{[%clk 0:00:57]} 65. c5 {[%clk 0:00:32]} bxc5 {[%clk 0:01:02]} 66. Nc4
{[%clk 0:00:58]} Be4 {[%clk 0:00:35]} 67. Nxa5 {[%clk 0:01:08]} Kd5
{[%clk 0:00:47]} 68. Nc4 {[%clk 0:01:08]} Bc2 {[%clk 0:00:45]} 69. Nd2
{[%clk 0:01:24]} Kd4 {[%clk 0:00:40]} 70. h5 {[%clk 0:01:25]} Kc3
{[%clk 0:00:58]} 71. h6 {[%clk 0:01:22]} Bd3+ {[%clk 0:00:42]} 72. Ke1
{[%clk 0:01:44]} Kb4 {[%clk 0:00:41]} 73. Kf2 {[%clk 0:02:00]} Kc3
{[%clk 0:00:32]} 74. a5 {[%clk 0:01:27]} Kxd2 {[%clk 0:00:34]} 75. a6
{[%clk 0:01:52]} Be4 {[%clk 0:00:54]} 76. a7 {[%clk 0:02:07]} 1-0

[Event "MPJ C16"]
[Site "?"]
[Date "2016.03.20"]
[Round "9.6"]
[White "Drozdowski, Konrad"]
[Black "Kowalski, Igor"]
[Result "1/2-1/2"]
[LiveChessVersion "1.4.8"]
[BlackElo "2088"]
[WhiteElo "2037"]

1. e4 {[%clk 1:30:58]} e6 {[%clk 1:30:55]} 2. d4 {[%clk 1:31:25]} d5
{[%clk 1:31:22]} 3. Nc3 {[%clk 1:31:52]} Bb4 {[%clk 1:31:49]} 4. Bd3
{[%clk 1:32:18]} Ne7 {[%clk 1:30:50]} 5. a3 {[%clk 1:30:01]} Bxc3+
{[%clk 1:31:15]} 6. bxc3 {[%clk 1:30:27]} c5 {[%clk 1:30:23]} 7. exd5
{[%clk 1:26:05]} Qxd5 {[%clk 1:27:48]} 8. Nf3 {[%clk 1:24:53]} Nbc6
{[%clk 1:26:43]} 9. O-O {[%clk 1:22:23]} O-O {[%clk 1:24:27]} 10. Be3
{[%clk 1:15:20]} f5 {[%clk 1:14:41]} 11. Qc1 {[%clk 1:04:24]} Ng6
{[%clk 1:11:06]} 12. c4 {[%clk 1:01:07]} Qd6 {[%clk 1:07:03]} 13. dxc5
{[%clk 0:56:07]} Qc7 {[%clk 1:05:49]} 14. Nd4 {[%clk 0:48:30]} Nxd4
{[%clk 0:50:12]} 15. Bxd4 {[%clk 0:48:58]} e5 {[%clk 0:50:34]} 16. Bc3
{[%clk 0:48:43]} Re8 {[%clk 0:48:31]} 17. Qg5 {[%clk 0:44:21]} Qc6
{[%clk 0:39:09]} 18. f3 {[%clk 0:34:09]} Qxc5+ {[%clk 0:29:30]} 19. Kh1
{[%clk 0:34:25]} Qf8 {[%clk 0:28:34]} 20. Rfe1 {[%clk 0:32:11]} Qf7
{[%clk 0:22:39]} 21. Rab1 {[%clk 0:31:21]} Be6 {[%clk 0:21:19]} 22. Bxe5
{[%clk 0:27:46]} Bxc4 {[%clk 0:18:17]} 23. Bxc4 {[%clk 0:24:42]} Qxc4
{[%clk 0:18:27]} 24. Qxf5 {[%clk 0:23:41]} Nxe5 {[%clk 0:12:11]} 25. Rxe5
{[%clk 0:23:37]} Rxe5 {[%clk 0:11:46]} 26. Qxe5 {[%clk 0:24:06]} Rc8
{[%clk 0:06:41]} 27. h3 {[%clk 0:23:59]} b6 {[%clk 0:05:23]} 28. Rd1
{[%clk 0:21:57]} Qf7 {[%clk 0:03:50]} 29. Qb5 {[%clk 0:22:00]} Re8
{[%clk 0:02:14]} 30. Qa4 {[%clk 0:20:17]} h6 {[%clk 0:02:21]} 31. Rd7
{[%clk 0:18:27]} Re7 {[%clk 0:02:46]} 32. Rd8+ {[%clk 0:18:04]} Kh7
{[%clk 0:03:10]} 33. Rd1 {[%clk 0:14:46]} Qf5 {[%clk 0:03:28]} 34. Qc4
{[%clk 0:13:59]} Re3 {[%clk 0:03:37]} 35. Rd8 {[%clk 0:10:55]} Qe6
{[%clk 0:02:58]} 36. Qxe6 {[%clk 0:10:41]} Rxe6 {[%clk 0:03:24]} 37. Rc8
{[%clk 0:10:09]} Re3 {[%clk 0:03:19]} 38. a4 {[%clk 0:09:53]} Ra3
{[%clk 0:02:13]} 39. Rc4 {[%clk 0:10:15]} Ra2 {[%clk 0:02:37]} 40. Kg1
{[%clk 0:40:28]} a6 {[%clk 0:32:08]} 41. Kf2 {[%clk 0:36:42]} b5 {[%clk 0:28:42]}
42. axb5 {[%clk 0:36:54]} axb5 {[%clk 0:29:09]} 43. Rc5 {[%clk 0:37:05]} b4
{[%clk 0:29:23]} 44. Kg3 {[%clk 0:33:28]} Rb2 {[%clk 0:29:35]} 45. h4
{[%clk 0:33:48]} b3 {[%clk 0:29:55]} 46. cxb3 {[%clk 0:34:04]} Rxb3
{[%clk 0:30:21]} 47. Rc7 {[%clk 0:34:11]} Rb2 {[%clk 0:30:12]} 48. Kh3
{[%clk 0:34:29]} Rb3 {[%clk 0:30:38]} 49. Kg4 {[%clk 0:34:46]} Rb2
{[%clk 0:30:49]} 50. g3 {[%clk 0:35:05]} Rb4+ {[%clk 0:31:15]} 51. f4
{[%clk 0:35:25]} Ra4 {[%clk 0:31:32]} 52. h5 {[%clk 0:34:36]} Rb4
{[%clk 0:31:27]} 53. Rf7 {[%clk 0:34:16]} Ra4 {[%clk 0:31:43]} 54. Kh4
{[%clk 0:34:29]} Ra5 {[%clk 0:30:42]} 55. g4 {[%clk 0:34:38]} Ra1
{[%clk 0:31:05]} 56. g5 {[%clk 0:33:24]} Rh1+ {[%clk 0:27:56]} 57. Kg4
{[%clk 0:33:39]} Rg1+ {[%clk 0:27:31]} 58. Kf5 {[%clk 0:33:34]} hxg5
{[%clk 0:27:39]} 59. fxg5 {[%clk 0:33:55]} Rf1+ {[%clk 0:27:42]} 60. Ke6
{[%clk 0:34:20]} Re1+ {[%clk 0:28:00]} 61. Kd6 {[%clk 0:34:16]} Rd1+
{[%clk 0:27:54]} 62. Ke7 {[%clk 0:34:28]} Rd5 {[%clk 0:27:51]} 63. h6
{[%clk 0:34:24]} Rxg5 {[%clk 0:28:12]} 64. Rxg7+ {[%clk 0:34:47]} Rxg7+
{[%clk 0:28:36]} 65. hxg7 {[%clk 0:35:13]} Kxg7 {[%clk 0:29:02]} 1/2-1/2

[Event "MPJ C16"]
[Site "?"]
[Date "2016.03.20"]
[Round "9.7"]
[White "Slomczewski, Michal"]
[Black "Bilczewski, Kacper"]
[Result "1-0"]
[LiveChessVersion "1.4.8"]
[BlackElo "2046"]
[WhiteElo "1887"]

1. c4 c5 2. Nc3 Nc6 3. Nf3 e5 4. g3 g6 5. Bg2 Bg7 6. O-O d6 7. d3 Nge7 8. Ne1 O-O
9. Nc2 f5 10. f4 Rb8 11. Ne3 exf4 12. gxf4 Kh8 13. Kh1 Ng8 14. Ned5 Nh6 15. Qe1
Nd4 16. Rb1 Re8 17. e3 Ne6 18. b4 Bd7 19. a3 g5 20. Ne2 Ba4 21. fxg5 Nxg5 22. Bb2
Ne6 23. Bxg7+ Nxg7 24. Nef4 Ng4 25. Qg3 Bc6 26. Qh3 Qg5 27. Rbe1 Bxd5 28. Bxd5
Re7 29. Qg3 Rbe8 30. Ng2 Qh6 31. e4 Qd2 32. h3 Nh5 33. Qh4 Rg7 34. Qxh5 Re5 35.
hxg4 Rxg4 36. Qh3 Rg6 37. Rf4 Rxg2 38. Qxg2 Qxe1+ 39. Qg1 Qxg1+ 40. Kxg1 fxe4 41.
dxe4 Rg5+ 42. Kf2 b6 43. bxc5 bxc5 44. Rf7 1-0

[Event "MPJ C16"]
[Site "?"]
[Date "2016.03.20"]
[Round "9.8"]
[White "Klepek, Witold"]
[Black "Raczynski, Krzysztof"]
[Result "0-1"]
[LiveChessVersion "1.4.8"]
[BlackElo "1978"]
[WhiteElo "2018"]

1. e4 {[%clk 1:30:58]} c5 {[%clk 1:30:49]} 2. Nf3 {[%clk 1:31:21]} d6
{[%clk 1:31:07]} 3. d4 {[%clk 1:31:45]} cxd4 4. Nxd4 {[%clk 1:32:09]} Nf6
{[%clk 1:31:34]} 5. Nc3 {[%clk 1:32:34]} a6 {[%clk 1:31:41]} 6. Bg5
{[%clk 1:32:57]} e6 {[%clk 1:31:45]} 7. f4 {[%clk 1:33:22]} Be7 {[%clk 1:31:54]}
8. Qf3 {[%clk 1:33:45]} Qc7 {[%clk 1:31:45]} 9. O-O-O {[%clk 1:34:09]} Nbd7
{[%clk 1:30:52]} 10. g4 {[%clk 1:34:20]} b5 {[%clk 1:30:34]} 11. a3
{[%clk 1:34:46]} Rb8 {[%clk 1:29:52]} 12. h4 {[%clk 1:31:36]} b4 {[%clk 1:28:02]}
13. axb4 {[%clk 1:32:01]} Rxb4 {[%clk 1:28:23]} 14. Rh2 {[%clk 1:23:28]} Qb6
{[%clk 1:11:36]} 15. Rhd2 {[%clk 1:12:05]} Rxb2 {[%clk 0:43:54]} 16. Nb3
{[%clk 1:08:19]} Rxb3 {[%clk 0:43:49]} 17. cxb3 {[%clk 1:08:46]} Qxb3
{[%clk 0:43:25]} 18. Be2 {[%clk 0:57:21]} d5 {[%clk 0:36:04]} 19. Nb1
{[%clk 0:57:33]} Qxf3 {[%clk 0:35:36]} 20. Bxf3 {[%clk 0:57:58]} dxe4
{[%clk 0:34:21]} 21. Be2 {[%clk 0:58:01]} Nc5 {[%clk 0:19:47]} 22. Rc2
{[%clk 0:56:15]} Bd7 {[%clk 0:19:16]} 23. Bxf6 {[%clk 0:56:10]} gxf6
{[%clk 0:18:37]} 24. Nc3 {[%clk 0:56:21]} O-O {[%clk 0:17:45]} 25. Bxa6
{[%clk 0:53:02]} Ra8 {[%clk 0:14:05]} 26. Bc4 {[%clk 0:52:35]} Bc6
{[%clk 0:13:33]} 27. Kd2 {[%clk 0:48:41]} Na4 {[%clk 0:11:58]} 28. Ke2
{[%clk 0:45:52]} Rb8 {[%clk 0:09:13]} 29. Ra1 {[%clk 0:43:29]} Nc5
{[%clk 0:06:49]} 30. Rb1 {[%clk 0:38:03]} Rxb1 {[%clk 0:03:48]} 31. Nxb1
{[%clk 0:38:19]} f5 {[%clk 0:04:02]} 32. g5 {[%clk 0:37:20]} Kg7 {[%clk 0:03:56]}
33. Nd2 {[%clk 0:34:28]} Bd6 {[%clk 0:03:11]} 34. Ke3 {[%clk 0:32:31]} h6
{[%clk 0:02:26]} 35. Nb3 {[%clk 0:30:36]} Ba4 {[%clk 0:02:21]} 36. Rb2
{[%clk 0:30:31]} Bxb3 {[%clk 0:02:01]} 37. Bxb3 {[%clk 0:30:45]} Bxf4+
{[%clk 0:02:13]} 38. Ke2 {[%clk 0:28:33]} hxg5 {[%clk 0:02:10]} 39. hxg5
{[%clk 0:28:44]} Bxg5 {[%clk 0:01:22]} 40. Bc4 {[%clk 0:59:09]} Kf6
{[%clk 0:31:13]} 41. Rb5 {[%clk 0:59:02]} Nd7 {[%clk 0:30:09]} 42. Rb7
{[%clk 0:59:19]} Ne5 {[%clk 0:30:15]} 43. Bb5 {[%clk 0:59:44]} f4
{[%clk 0:30:18]} 44. Be8 {[%clk 1:00:10]} f3+ {[%clk 0:30:34]} 45. Kf1
{[%clk 1:00:32]} e3 {[%clk 0:30:18]} 0-1

[Event "MPJ C16"]
[Site "?"]
[Date "2016.03.20"]
[Round "9.9"]
[White "Belczewski, Jacek"]
[Black "Choina, Michal"]
[Result "0-1"]
[LiveChessVersion "1.4.8"]
[BlackElo "1792"]
[WhiteElo "1945"]

1. d4 {[%clk 1:30:43]} Nf6 {[%clk 1:30:51]} 2. c4 {[%clk 1:30:51]} e5 3. dxe5
{[%clk 1:31:06]} Ng4 {[%clk 1:31:34]} 4. Bf4 {[%clk 1:30:56]} Nc6
{[%clk 1:31:56]} 5. Nf3 {[%clk 1:31:16]} Bb4+ {[%clk 1:32:18]} 6. Nc3
{[%clk 1:31:26]} Qe7 {[%clk 1:32:31]} 7. Qd5 {[%clk 1:31:29]} f6 {[%clk 1:32:36]}
8. exf6 {[%clk 1:30:34]} Bxc3+ {[%clk 1:31:57]} 9. bxc3 {[%clk 1:30:47]} Nxf6
{[%clk 1:31:57]} 10. Qd3 {[%clk 1:30:35]} d6 {[%clk 1:30:25]} 11. g3
{[%clk 1:30:12]} Ne4 {[%clk 1:23:06]} 12. Bg2 {[%clk 1:24:25]} Nc5
{[%clk 1:18:19]} 13. Qe3 {[%clk 1:21:41]} Qxe3 {[%clk 1:13:17]} 14. Bxe3
{[%clk 1:21:54]} Na4 {[%clk 1:12:51]} 15. Bd4 {[%clk 1:11:12]} O-O
{[%clk 1:13:03]} 16. Ng5 {[%clk 1:09:14]} Ne7 {[%clk 1:09:47]} 17. Be4
{[%clk 0:37:39]} h6 {[%clk 1:08:31]} 18. Bc2 {[%clk 0:36:17]} Nb2
{[%clk 1:07:14]} 19. Bb3 {[%clk 0:32:35]} hxg5 {[%clk 0:54:17]} 20. Rb1
{[%clk 0:32:23]} Nxc4 {[%clk 0:52:52]} 21. Bxc4+ {[%clk 0:32:30]} d5
{[%clk 0:53:10]} 22. Bd3 {[%clk 0:32:11]} b6 {[%clk 0:50:20]} 23. Be3
{[%clk 0:31:57]} g4 {[%clk 0:50:17]} 24. Bg5 {[%clk 0:30:06]} Rf7
{[%clk 0:40:07]} 25. Kd2 {[%clk 0:26:28]} Bf5 {[%clk 0:37:49]} 26. Bxe7
{[%clk 0:20:49]} Bxd3 {[%clk 0:38:07]} 27. Kxd3 {[%clk 0:21:13]} Rxe7
{[%clk 0:38:19]} 28. Rb4 {[%clk 0:21:14]} Rae8 {[%clk 0:38:03]} 29. e3
{[%clk 0:19:02]} Re4 {[%clk 0:36:40]} 30. Rd4 {[%clk 0:18:37]} R8e5
{[%clk 0:33:26]} 31. Rd1 {[%clk 0:12:32]} c5 {[%clk 0:27:53]} 32. Rxe4
{[%clk 0:12:53]} Rxe4 {[%clk 0:28:21]} 33. Kc2 {[%clk 0:12:58]} Re5
{[%clk 0:28:18]} 34. a4 {[%clk 0:08:01]} Rh5 {[%clk 0:25:24]} 35. c4
{[%clk 0:05:43]} dxc4 {[%clk 0:23:51]} 36. Kc3 {[%clk 0:05:44]} Rxh2
{[%clk 0:23:35]} 37. Rf1 {[%clk 0:05:26]} Rh5 {[%clk 0:21:53]} 38. Kxc4
{[%clk 0:05:43]} Re5 {[%clk 0:22:22]} 39. Ra1 {[%clk 0:04:33]} a6
{[%clk 0:20:12]} 40. Kd3 {[%clk 0:32:10]} Kf7 {[%clk 0:37:23]} 41. Rb1
{[%clk 0:32:14]} Re6 {[%clk 0:37:35]} 42. Rc1 {[%clk 0:28:10]} Rc6
{[%clk 0:32:18]} 43. Rc4 {[%clk 0:27:45]} b5 {[%clk 0:32:06]} 44. Rxg4
{[%clk 0:23:22]} c4+ {[%clk 0:32:11]} 45. Kc3 {[%clk 0:23:16]} b4+
{[%clk 0:31:59]} 46. Kc2 {[%clk 0:14:01]} b3+ {[%clk 0:28:25]} 47. Kc1
{[%clk 0:12:57]} Kf6 {[%clk 0:05:15]} 48. a5 {[%clk 0:09:28]} g6 {[%clk 0:04:44]}
49. Rd4 {[%clk 0:09:20]} Ke5 {[%clk 0:04:13]} 50. Kb1 {[%clk 0:07:33]} c3
{[%clk 0:03:18]} 51. Rb4 {[%clk 0:07:33]} c2+ {[%clk 0:03:42]} 52. Kc1
{[%clk 0:07:38]} Rc3 {[%clk 0:03:56]} 53. g4 {[%clk 0:02:27]} Rd3
{[%clk 0:04:01]} 54. Rc4 {[%clk 0:02:50]} Rd1+ {[%clk 0:04:25]} 55. Kb2
{[%clk 0:02:41]} Rb1+ 0-1